000
00275nam a22001097a 4500
082
_a
359
_b
THU
100
_a
Thursfield, James R
_9
50697
245
_a
Naval warefare
_c
James R.Thursfield
526
_a
0
_b
0
_c
0
_d
359_000000000000000_THU
650
_a
MCE
_9
379
942
_2
ddc
_c
BK
999
_c
553463
_d
553463